| 000 | 00406nam a2200181Ia 4500 | ||
|---|---|---|---|
| 005 | 20240823054235.0 | ||
| 008 | 240823s9999||||xx |||||||||||||| ||und|| | ||
| 041 | _aENGLISH | ||
| 082 | _A661 N3 | ||
| 100 | _aSharma B K | ||
| 245 | 0 | _aIndustrial Chemistry | |
| 250 | _a5th | ||
| 260 |
_c1993 _b"Goel Pub,Meerut" |
||
| 500 | _aYES | ||
| 650 |
_aChemistry _bChemistry |
||
| 942 | _cBK | ||
| 999 |
_c225999 _d225999 |
||